[Event "EU-ch blitz"]
[Site "Minsk"]
[Date "2015.12.18"]
[Round "4.38"]
[White "Valov, Ilya"]
[Black "Zubritskiy, Artyom"]
[Result "0-1"]
[WhiteElo "2228"]
[BlackElo "2422"]
[PlyCount "40"]
[EventDate "2015.12.18"]
[EventType "swiss (blitz)"]
[EventRounds "22"]
[EventCountry "BLR"]
[SourceTitle "EXT 2017"]
[Source "ChessBase"]
[SourceDate "2016.10.25"]
[SourceVersion "1"]
[SourceVersionDate "2016.10.25"]
[SourceQuality "1"]

1. d4 Nf6 2. Nf3 d5 3. Bf4 c5 4. e3 Qb6 5. b3 Nc6 6. c3 cxd4 7. exd4 Ne4 8. Be2 Bf5 9. 0-0 e6 10. Nfd2 Nf6 11. Nf3 Be7 12. Bd3 Bg4 13. Nbd2 Rc8 14. h3 Bh5 15. Be2 0-0 16. Rc1 Ba3 17. Rb1 Bg6 18. Ne5 Nxe5 19. Bxe5 Nd7 20. Bf4 Rxc3 0-1

[Event "EU-ch blitz"]
[Site "Minsk"]
[Date "2015.12.18"]
[Round "3.38"]
[White "Zubritskiy, Artyom"]
[Black "Valov, Ilya"]
[Result "1-0"]
[WhiteElo "2422"]
[BlackElo "2228"]
[PlyCount "53"]
[EventDate "2015.12.18"]
[EventType "swiss (blitz)"]
[EventRounds "22"]
[EventCountry "BLR"]
[SourceTitle "EXT 2017"]
[Source "ChessBase"]
[SourceDate "2016.10.25"]
[SourceVersion "1"]
[SourceVersionDate "2016.10.25"]
[SourceQuality "1"]

1. d4 Nf6 2. Nf3 c5 3. dxc5 e6 4. e3 Bxc5 5. c4 0-0 6. a3 d5 7. Qc2 b6 8. Nbd2 Bb7 9. Bd3 dxc4 10. Nxc4 Nbd7 11. b4 Be7 12. Bb2 Rc8 13. Qe2 Qc7 14. 0-0 Be4 15. Rac1 Bxd3 16. Qxd3 Rfd8 17. Qb3 Qb7 18. Rfd1 Nf8 19. Rxd8 Rxd8 20. Nce5 Qd5 21. Qxd5 Nxd5 22. Nc6 Rc8 23. e4 Rxc6 24. Rxc6 Nf4 25. Rc7 Bd6 26. Rxa7 Nd3 27. Bd4 1-0

[Event "Albena op-B"]
[Site "Albena"]
[Date "2015.06.22"]
[Round "6"]
[White "Danov, Lyubomir"]
[Black "Valov, Ilya"]
[Result "1-0"]
[WhiteElo "2246"]
[BlackElo "2213"]
[PlyCount "71"]
[EventDate "2015.06.17"]
[EventType "swiss"]
[EventRounds "9"]
[EventCountry "BUL"]
[SourceTitle "CBM 167 Extra"]
[Source "ChessBase"]
[SourceDate "2015.09.14"]
[SourceVersion "1"]
[SourceVersionDate "2015.09.14"]
[SourceQuality "1"]

1. e4 c5 2. Nf3 Nf6 3. e5 Nd5 4. Nc3 Nxc3 5. dxc3 d5 6. exd6 exd6 7. Bf4 Be7 8. Qd2 0-0 9. 0-0-0 Bg4 10. Bxd6 Bxf3 11. gxf3 Nc6 12. Bxe7 Qxe7 13. Bc4 Ne5 14. Bd5 Rad8 15. Rhe1 Qc7 16. Qe3 Ng6 17. c4 b6 18. Qg5 Rd7 19. h4 Rfd8 20. Re4 h6 21. Qf5 Rd6 22. Rg1 Qd7 23. Qxd7 R8xd7 24. Reg4 Rxd5 25. cxd5 Rxd5 26. Ra4 a5 27. Rd1 Rf5 28. Rd6 Ne5 29. Rxb6 Nxf3 30. Rxa5 g5 31. h5 g4 32. Ra4 Rxh5 33. Rxg4+ Kh7 34. b3 Rf5 35. Rb8 Ng5 36. a4 1-0

[Event "St Petersburg blitz prelim"]
[Site "St Petersburg"]
[Date "2014.12.07"]
[Round "3"]
[White "Novik, Maxim"]
[Black "Valov, Ilya"]
[Result "1/2-1/2"]
[WhiteElo "2471"]
[BlackElo "2213"]
[PlyCount "117"]
[EventDate "2014.12.07"]
[EventType "swiss (blitz)"]
[EventRounds "11"]
[EventCountry "RUS"]
[SourceTitle "CBM 163 Extra"]
[Source "ChessBase"]
[SourceDate "2014.12.23"]
[SourceVersion "1"]
[SourceVersionDate "2014.12.23"]
[SourceQuality "1"]

1. Nf3 c5 2. g3 b6 3. Bg2 Bb7 4. 0-0 Nf6 5. d3 d5 6. Nbd2 g6 7. e4 dxe4 8. dxe4 Bg7 9. e5 Nd5 10. Re1 0-0 11. Qe2 Nc6 12. c3 Nc7 13. Nc4 Ne6 14. h4 Qd5 15. Rd1 Ncd4 16. cxd4 Nxd4 17. Rxd4 cxd4 18. Ne1 Qd7 19. Bxb7 Qxb7 20. Bf4 Rac8 21. Rd1 Rfd8 22. b3 h6 23. Nf3 b5 24. Nb2 Qa6 25. Nd3 Rc3 26. b4 Qa3 27. Nfe1 Rdc8 28. Bd2 Qxa2 29. Kf1 Rb3 30. Nc5 Rb2 31. Ned3 Qd5 32. Kg1 Ra2 33. Nf4 Qc4 34. Qe4 Qc2 35. Qe2 Kh7 36. h5 g5 37. Nfd3 Kg8 38. e6 f5 39. Qf3 Ra3 40. Rc1 Qxd2 41. Qxf5 Rxd3 42. Qf7+ Kh8 43. Nxd3 Rxc1+ 44. Nxc1 Qxc1+ 45. Kg2 Qc6+ 46. Kh2 Qc8 47. Qxe7 Qf8 48. Qd7 Qxf2+ 49. Kh3 Qf1+ 50. Kh2 Qf2+ 51. Kh3 Qf5+ 52. Kg2 Qe4+ 53. Kh2 Qe2+ 54. Kg1 Qe1+ 55. Kg2 Qe2+ 56. Kg1 Qe3+ 57. Kg2 Qe2+ 58. Kg1 Qe1+ 59. Kg2 1/2-1/2

[Event "St Petersburg blitz prelim"]
[Site "St Petersburg"]
[Date "2013.12.22"]
[Round "2"]
[White "Valov, Ilya"]
[Black "Eliseev, Alexey"]
[Result "0-1"]
[WhiteElo "2216"]
[BlackElo "2379"]
[PlyCount "62"]
[EventDate "2013.12.22"]
[EventType "swiss (blitz)"]
[EventRounds "11"]
[EventCountry "RUS"]
[SourceTitle "CBM 158 Extra"]
[Source "ChessBase"]
[SourceDate "2014.02.28"]
[SourceVersion "1"]
[SourceVersionDate "2014.02.28"]
[SourceQuality "1"]

1. d4 d5 2. Nf3 c6 3. c4 Nf6 4. cxd5 cxd5 5. Nc3 Nc6 6. Bf4 e6 7. e3 Bd6 8. Bg3 0-0 9. Bd3 b6 10. 0-0 Bb7 11. Qe2 Nb4 12. Bb5 a6 13. Ba4 b5 14. Bb3 Ne4 15. Bxd6 Qxd6 16. a3 Nxc3 17. bxc3 Nc6 18. a4 Na5 19. Rfb1 Bc6 20. Ne5 f6 21. Nd3 Nxb3 22. Rxb3 bxa4 23. Rb6 Qc7 24. Rbb1 Bb5 25. Qd2 Bxd3 26. Qxd3 Rfb8 27. Rxb8+ Rxb8 28. g3 Qc6 29. Kg2 Rb3 30. Qc2 Qc4 31. Qa2 a3 0-1

[Event "Chepukaitis Memorial blitz prelim"]
[Site "St Petersburg"]
[Date "2013.09.07"]
[Round "2"]
[White "Goganov, Aleksey"]
[Black "Valov, Ilya"]
[Result "1/2-1/2"]
[WhiteElo "2577"]
[BlackElo "2216"]
[PlyCount "94"]
[EventDate "2013.09.07"]
[EventType "swiss (blitz)"]
[EventRounds "11"]
[EventCountry "RUS"]
[SourceTitle "CBM 156 Extra"]
[Source "ChessBase"]
[SourceDate "2013.10.22"]
[SourceVersion "1"]
[SourceVersionDate "2013.10.22"]
[SourceQuality "1"]

1. Nf3 c5 2. b3 Nf6 3. Bb2 e6 4. e3 b6 5. d4 Bb7 6. Be2 Be7 7. 0-0 0-0 8. c4 cxd4 9. Nxd4 d5 10. Bf3 Qd7 11. cxd5 Nxd5 12. Nc3 Nxc3 13. Bxc3 Bf6 14. Rc1 Rd8 15. Bxb7 Qxb7 16. Qf3 Qxf3 17. gxf3 Bxd4 18. Bxd4 Na6 19. a3 f6 20. f4 Rac8 21. b4 Kf7 22. Kg2 Nc7 23. Kf3 Nb5 24. Bb2 Nd6 25. Rfd1 Rxc1 26. Rxc1 Rc8 27. Rxc8 Nxc8 28. Ke4 Nd6+ 29. Kd4 Ke7 30. a4 a6 31. Kd3 Kd7 32. Bd4 Kc6 33. e4 b5 34. axb5+ axb5 35. Bc5 f5 36. Bxd6 Kxd6 37. exf5 exf5 38. Kd4 h6 39. h3 g5 40. fxg5 hxg5 41. f3 f4 42. Ke4 Ke6 43. Kd4 Kd6 44. Ke4 Ke6 45. h4 gxh4 46. Kxf4 h3 47. Kg3 Kd5 1/2-1/2

[Event "Chepukaitis Memorial blitz prelim"]
[Site "St Petersburg"]
[Date "2013.09.07"]
[Round "8"]
[White "Valov, Ilya"]
[Black "Zenzera, Alexey"]
[Result "0-1"]
[WhiteElo "2216"]
[BlackElo "2428"]
[PlyCount "86"]
[EventDate "2013.09.07"]
[EventType "swiss (blitz)"]
[EventRounds "11"]
[EventCountry "RUS"]
[SourceTitle "CBM 156 Extra"]
[Source "ChessBase"]
[SourceDate "2013.10.22"]
[SourceVersion "1"]
[SourceVersionDate "2013.10.22"]
[SourceQuality "1"]

1. d4 Nf6 2. Nf3 e6 3. c4 b6 4. g3 Ba6 5. Qa4 Bb7 6. Bg2 Be7 7. 0-0 0-0 8. Nc3 c5 9. dxc5 bxc5 10. Bf4 Qb6 11. Qb5 d5 12. Ne5 Nc6 13. Qxb6 axb6 14. cxd5 Nxe5 15. Bxe5 Nxd5 16. Rfd1 Nxc3 17. Bxc3 Bxg2 18. Kxg2 Rfd8 19. Rxd8+ Rxd8 20. b3 Bf6 21. Rc1 Bxc3 22. Rxc3 g6 23. Rd3 Rxd3 24. exd3 Kf8 25. Kf3 Ke7 26. Ke3 e5 27. f4 Ke6 28. Ke4 f5+ 29. Ke3 h6 30. h4 Kd5 31. a3 Ke6 32. Kf3 Kf6 33. Ke3 g5 34. hxg5+ hxg5 35. fxg5+ Kxg5 36. Kf3 Kf6 37. Ke3 Ke6 38. Kf3 Kd6 39. Ke3 Kd5 40. Ke2 f4 41. g4 Ke6 42. Kf3 Kf6 43. Ke4 Kg5 0-1

[Event "Chigorin Memorial 19th"]
[Site "St Petersburg"]
[Date "2011.10.14"]
[Round "1"]
[White "Valov, Ilya"]
[Black "Papin, Vasily"]
[Result "1/2-1/2"]
[WhiteElo "2234"]
[BlackElo "2583"]
[PlyCount "117"]
[EventDate "2011.10.14"]
[EventType "swiss"]
[EventRounds "9"]
[EventCountry "RUS"]
[SourceTitle "CBM 144 Extra"]
[Source "ChessBase"]
[SourceDate "2011.10.28"]
[SourceVersion "1"]
[SourceVersionDate "2011.10.28"]
[SourceQuality "1"]

1. d4 d5 2. Nf3 Nf6 3. c4 e6 4. Nc3 c6 5. cxd5 exd5 6. Bf4 Bf5 7. a3 a5 8. e3 Bd6 9. Bxd6 Qxd6 10. Bd3 Bxd3 11. Qxd3 Nbd7 12. 0-0 0-0 13. b3 Rfe8 14. Qc2 Qe7 15. Rfb1 Ne4 16. Nxe4 dxe4 17. Nd2 c5 18. dxc5 Nxc5 19. Rd1 b5 20. b4 axb4 21. axb4 Na4 22. Qb3 Qe5 23. Rdc1 Rad8 24. Nc4 Qf6 25. Na5 Rd2 26. Rf1 Rb2 27. Qd5 Rxb4 28. Nc6 Rb2 29. Qd7 Qe6 30. Qxe6 Rxe6 31. Nd4 Ra6 32. Rfc1 g6 33. g4 Kg7 34. g5 h6 35. h4 hxg5 36. hxg5 Ra7 37. Rcb1 Rxb1+ 38. Rxb1 Nc3 39. Nxb5 Nxb1 40. Nxa7 Nd2 41. f4 exf3 42. Kf2 Ne4+ 43. Kxf3 Nxg5+ 44. Kg4 Kh6 45. Nc6 f5+ 46. Kf4 Nh3+ 47. Kg3 Ng5 48. Kf4 Ne6+ 49. Ke5 Nc5 50. Kf4 Kg7 51. Ne7 Kf6 52. Ng8+ Kg7 53. Ne7 Kf6 54. Ng8+ Ke6 55. Kg5 Kf7 56. Nh6+ Kg7 57. Nxf5+ gxf5 58. Kxf5 Kf7 59. Ke5 1/2-1/2

[Event "Chigorin Memorial 18th"]
[Site "St Petersburg"]
[Date "2010.11.02"]
[Round "6"]
[White "Bodnaruk, Anastasia"]
[Black "Valov, Ilya"]
[Result "1-0"]
[WhiteElo "2399"]
[BlackElo "2239"]
[PlyCount "63"]
[EventDate "2010.10.28"]
[EventType "swiss"]
[EventRounds "9"]
[EventCountry "RUS"]
[SourceTitle "EXT 2011"]
[Source "ChessBase"]
[SourceDate "2010.11.26"]
[SourceVersion "1"]
[SourceVersionDate "2010.11.26"]
[SourceQuality "1"]

1. e4 c5 2. Ne2 Nc6 3. Nbc3 g6 4. d4 cxd4 5. Nxd4 Bg7 6. Be3 d6 7. f3 Nf6 8. Qd2 Nxd4 9. Bxd4 0-0 10. Bc4 Be6 11. Bb3 Bxb3 12. axb3 a6 13. 0-0-0 b5 14. h4 Qa5 15. Kb1 Rfe8 16. Bxf6 Bxf6 17. Nd5 Qxd2 18. Rxd2 Rad8 19. Nc7 Rf8 20. Nxa6 Rd7 21. Nb4 h5 22. g3 Ra8 23. c3 Rda7 24. Kc2 Kf8 25. Rd5 Ra1 26. Rdd1 R1a7 27. Rd5 Ra1 28. Rhd1 R1a5 29. f4 Kg8 30. Rb1 Kf8 31. Nd3 Ke8 32. b4 1-0

[Event "Chigorin Memorial 18th"]
[Site "St Petersburg"]
[Date "2010.11.01"]
[Round "5"]
[White "Valov, Ilya"]
[Black "Azimova, Karina"]
[Result "1-0"]
[WhiteElo "2239"]
[BlackElo "2011"]
[PlyCount "89"]
[EventDate "2010.10.28"]
[EventType "swiss"]
[EventRounds "9"]
[EventCountry "RUS"]
[SourceTitle "EXT 2011"]
[Source "ChessBase"]
[SourceDate "2010.11.26"]
[SourceVersion "1"]
[SourceVersionDate "2010.11.26"]
[SourceQuality "1"]

1. d4 Nf6 2. Nf3 g6 3. c4 Bg7 4. Nc3 0-0 5. e4 d6 6. h3 e5 7. dxe5 dxe5 8. Qxd8 Rxd8 9. Bg5 c6 10. Nxe5 Re8 11. 0-0-0 Nxe4 12. Nxe4 Bxe5 13. Nf6+ Bxf6 14. Bxf6 Nd7 15. Bc3 Nc5 16. Bd4 Ne4 17. Bd3 Bf5 18. g4 Rad8 19. Bc2 c5 20. Be3 Bd7 21. Bxe4 Rxe4 22. b3 Ree8 23. Bxc5 Bc6 24. Rxd8 Rxd8 25. Re1 a6 26. Kc2 Re8 27. Rxe8+ Bxe8 28. g5 Kg7 29. Be7 f5 30. gxf6+ Kf7 31. h4 Ke6 32. Kd3 Ke5 33. Kc3 Ke6 34. Kd4 Bf7 35. Kc5 Kd7 36. Kb6 Kc8 37. c5 Bd5 38. c6 bxc6 39. Kxa6 Be6 40. Kb6 Kd7 41. a4 Bxb3 42. a5 Kc8 43. Bd6 Bd5 44. a6 Kd7 45. Bc5 1-0

[Event "Chigorin Memorial 18th"]
[Site "St Petersburg"]
[Date "2010.10.30"]
[Round "3"]
[White "Valov, Ilya"]
[Black "Klimov, Sergey"]
[Result "0-1"]
[WhiteElo "2239"]
[BlackElo "2506"]
[PlyCount "100"]
[EventDate "2010.10.28"]
[EventType "swiss"]
[EventRounds "9"]
[EventCountry "RUS"]
[SourceTitle "EXT 2011"]
[Source "ChessBase"]
[SourceDate "2010.11.26"]
[SourceVersion "1"]
[SourceVersionDate "2010.11.26"]
[SourceQuality "1"]

1. d4 Nf6 2. Nf3 g6 3. g3 Bg7 4. Bg2 0-0 5. c4 d6 6. 0-0 Nc6 7. Nc3 a6 8. b3 Rb8 9. a4 a5 10. d5 Nb4 11. Nd4 Nd7 12. Rb1 Nc5 13. Bg5 Qd7 14. Qd2 e5 15. dxe6 fxe6 16. Bh6 Bxh6 17. Qxh6 e5 18. Nf3 Qg7 19. Qxg7+ Kxg7 20. Ng5 Bf5 21. Nge4 Nxe4 22. Bxe4 c6 23. Rbd1 Rbd8 24. Rd2 Kf6 25. Rfd1 Ke7 26. Kg2 Na6 27. Rb1 Nc5 28. Bxf5 gxf5 29. Na2 Rd7 30. Nc1 d5 31. cxd5 Rxd5 32. Rxd5 cxd5 33. b4 axb4 34. Rxb4 Kd6 35. Rh4 d4 36. Nd3 Nxa4 37. Rxh7 b5 38. Rh6+ Kd5 39. Nb4+ Kc4 40. Nc6 e4 41. Ne5+ Kd5 42. Ng6 Re8 43. Nf4+ Kc5 44. Rh5 b4 45. Rxf5+ Kc4 46. Rf7 b3 47. Rb7 Nc5 48. Rb6 d3 49. exd3+ exd3 50. Nxd3 Nxd3 0-1

[Event "Chigorin Memorial 17th"]
[Site "St Petersburg"]
[Date "2009.10.22"]
[Round "7"]
[White "Valov, Ilya"]
[Black "Martynov, Pavel"]
[Result "0-1"]
[WhiteElo "2274"]
[BlackElo "2423"]
[PlyCount "94"]
[EventDate "2009.10.16"]
[EventType "swiss"]
[EventRounds "9"]
[EventCountry "RUS"]
[SourceTitle "CBM 132 Extra"]
[Source "ChessBase"]
[SourceDate "2009.11.03"]
[SourceVersion "1"]
[SourceVersionDate "2009.11.03"]
[SourceQuality "1"]

1. d4 d5 2. Nf3 Nf6 3. c4 c6 4. cxd5 cxd5 5. Nc3 Nc6 6. Bf4 Bf5 7. e3 e6 8. Bb5 Nd7 9. 0-0 Rc8 10. Qa4 a6 11. Bxc6 Rxc6 12. Qb3 Rb6 13. Qd1 Rxb2 14. Na4 Rc2 15. Rc1 Qc8 16. Nh4 Bd3 17. Nb2 Rxc1 18. Qxc1 Bc4 19. e4 Ba3 20. Re1 0-0 21. Re3 Be7 22. Nf3 dxe4 23. Nd2 Bd3 24. Nxd3 exd3 25. Qb1 Qc2 26. Qxc2 dxc2 27. Rc3 Nb6 28. Rxc2 Rc8 29. Rb2 Nd5 30. Be3 b5 31. Kf1 Kf8 32. Ne4 Rc4 33. Ke2 Ke8 34. Nd2 Rc8 35. Nb3 Ba3 36. Rd2 Bb4 37. Rb2 Nc3+ 38. Kd3 Na4 39. Re2 Rc3+ 40. Ke4 Rxb3 41. axb3 Nc3+ 42. Kd3 Nxe2 43. Kxe2 Kd7 44. Kd3 Kd6 45. f3 Kd5 46. h3 g6 47. g4 a5 0-1

[Event "Chigorin Memorial 17th"]
[Site "St Petersburg"]
[Date "2009.10.19"]
[Round "4"]
[White "Krylov, Mikhail"]
[Black "Valov, Ilya"]
[Result "1-0"]
[WhiteElo "2489"]
[BlackElo "2274"]
[PlyCount "85"]
[EventDate "2009.10.16"]
[EventType "swiss"]
[EventRounds "9"]
[EventCountry "RUS"]
[SourceTitle "CBM 132 Extra"]
[Source "ChessBase"]
[SourceDate "2009.11.03"]
[SourceVersion "1"]
[SourceVersionDate "2009.11.03"]
[SourceQuality "1"]

1. d4 Nf6 2. c4 e6 3. g3 c5 4. d5 exd5 5. cxd5 d6 6. Nc3 g6 7. Bg2 Bg7 8. Nf3 0-0 9. 0-0 Na6 10. Nd2 Rb8 11. a4 Nc7 12. Nc4 b5 13. axb5 Nxb5 14. Nxb5 Rxb5 15. Rxa7 Rb7 16. Ra3 Ng4 17. Na5 Rb6 18. h3 Ne5 19. f4 Ra6 20. fxe5 Rxa5 21. Rxa5 Qxa5 22. exd6 Qb6 23. Qc2 Qxd6 24. Bf4 Qb6 25. Be3 Qxb2 26. Qxb2 Bxb2 27. Bxc5 Re8 28. Kf2 Bf5 29. Rd1 Rc8 30. Bb6 Be5 31. d6 Bd7 32. Bc7 Kf8 33. g4 Kg7 34. Rb1 h6 35. Bd5 f5 36. Rb7 Kf6 37. Bb6 Ba4 38. d7 Bxd7 39. Rxd7 fxg4 40. Bd8+ Kf5 41. Rf7+ Bf6 42. Bxf6 gxh3 43. Bd4+ 1-0

[Event "Chigorin Memorial 17th"]
[Site "St Petersburg"]
[Date "2009.10.16"]
[Round "1"]
[White "Lysyj, Igor"]
[Black "Valov, Ilya"]
[Result "1-0"]
[WhiteElo "2612"]
[BlackElo "2274"]
[PlyCount "131"]
[EventDate "2009.10.16"]
[EventType "swiss"]
[EventRounds "9"]
[EventCountry "RUS"]
[SourceTitle "CBM 132 Extra"]
[Source "ChessBase"]
[SourceDate "2009.11.03"]
[SourceVersion "1"]
[SourceVersionDate "2009.11.03"]
[SourceQuality "1"]

1. d4 Nf6 2. Nf3 c5 3. c4 g6 4. Nc3 Bg7 5. d5 d6 6. e4 0-0 7. Be2 b5 8. cxb5 a6 9. a4 axb5 10. Bxb5 Ba6 11. Bd2 Nbd7 12. 0-0 Ne8 13. Rb1 Nc7 14. Bxa6 Nxa6 15. b3 Rb8 16. Nb5 Rb7 17. Re1 Qa8 18. Qc2 Rc8 19. Rec1 Rbb8 20. Bg5 Kf8 21. Qe2 Nc7 22. Na3 Qa6 23. Qxa6 Nxa6 24. Nb5 Nb4 25. Bd2 Nd3 26. Rc2 Nf6 27. Ne1 Nxe1 28. Rxe1 Nd7 29. Rb1 Ra8 30. f3 Ne5 31. Kf1 Ke8 32. Ke2 f5 33. Na3 fxe4 34. fxe4 Rcb8 35. a5 Nd7 36. Nc4 Rb5 37. b4 cxb4 38. Rxb4 Rxb4 39. Bxb4 Bd4 40. Ra2 Ra6 41. Kd3 Ba7 42. h3 Kd8 43. Rb2 Bg1 44. Re2 Bc5 45. Bc3 e6 46. dxe6 Nf8 47. Bf6+ Ke8 48. e7 Ne6 49. Rb2 Ba7 50. Rb6 Rxb6 51. axb6 Bb8 52. Ne3 Nc5+ 53. Kd4 Nd7 54. Nd5 Nxb6 55. Nxb6 Ba7 56. Kd5 Bxb6 57. Kxd6 Bf2 58. Ke6 Bc5 59. Bg5 Bb4 60. h4 Bc3 61. e5 Be1 62. Kf6 h6 63. Bxh6 Bxh4+ 64. Kxg6 Bg3 65. Kf5 Kxe7 66. Bf4 1-0

[Event "Peterhof op 08"]
[Site "Peterhof"]
[Date "2009.08.11"]
[Round "9"]
[White "Valov, Ilya"]
[Black "Kosarev, Dmitry"]
[Result "1-0"]
[WhiteElo "2259"]
[BlackElo "2231"]
[PlyCount "65"]
[EventDate "2009.08.03"]
[EventType "swiss"]
[EventRounds "9"]
[EventCountry "RUS"]
[SourceTitle "EXT 2010"]
[Source "ChessBase"]
[SourceDate "2010.11.25"]
[SourceVersion "1"]
[SourceVersionDate "2010.11.25"]
[SourceQuality "1"]

1. d4 Nf6 2. Nf3 b6 3. g3 Bb7 4. Bg2 c5 5. dxc5 bxc5 6. c4 g6 7. b3 Bg7 8. Bb2 0-0 9. 0-0 e6 10. Nc3 d5 11. cxd5 exd5 12. Na4 Nbd7 13. Qc2 Rc8 14. e3 Re8 15. Rfd1 Qa5 16. Rac1 Ba8 17. Qd2 Qxd2 18. Rxd2 Ne4 19. Rdc2 Bh6 20. Bd4 Bf8 21. Ne1 a6 22. Nd3 c4 23. bxc4 Ba3 24. Bb2 Rxc4 25. Bxa3 Rxa4 26. Rc8 Rxa3 27. Rxe8+ Kg7 28. Rxa8 Rxd3 29. Rxa6 Ndf6 30. Rac6 Ra3 31. R6c2 Nd6 32. Rd1 Nde4 33. Bf3 1-0

[Event "Peterhof op 08"]
[Site "Peterhof"]
[Date "2009.08.05"]
[Round "3"]
[White "Valov, Ilya"]
[Black "Egorov, Konstantin"]
[Result "1-0"]
[WhiteElo "2259"]
[BlackElo "2160"]
[PlyCount "73"]
[EventDate "2009.08.03"]
[EventType "swiss"]
[EventRounds "9"]
[EventCountry "RUS"]
[SourceTitle "EXT 2010"]
[Source "ChessBase"]
[SourceDate "2010.11.25"]
[SourceVersion "1"]
[SourceVersionDate "2010.11.25"]
[SourceQuality "1"]

1. d4 Nf6 2. Nf3 e6 3. c4 b6 4. g3 Ba6 5. Qa4 c5 6. Bg2 Bb7 7. dxc5 Bxc5 8. 0-0 0-0 9. Nc3 Be7 10. Rd1 Na6 11. Bg5 Nc5 12. Qc2 Qc8 13. Rac1 h6 14. Bf4 Nce4 15. Nd4 Nxc3 16. Qxc3 Bxg2 17. Kxg2 Qb7+ 18. Qf3 Qxf3+ 19. Kxf3 Rac8 20. Nb5 d5 21. cxd5 Nxd5 22. Nxa7 Ra8 23. Nc6 Bf6 24. Bd6 Bxb2 25. Rc2 Rfc8 26. e4 Ba3 27. exd5 Bxd6 28. dxe6 Bc5 29. Rxc5 bxc5 30. e7 Kh7 31. Rd8 Ra3+ 32. Kg2 Rxc6 33. e8Q Rf6 34. Qh8+ Kg6 35. Rg8 Rxa2 36. Qxg7+ Kf5 37. g4+ 1-0

[Event "Peterhof op"]
[Site "Peterhof"]
[Date "2009.01.06"]
[Round "5"]
[White "Daskevics, Vadims"]
[Black "Valov, Ilya"]
[Result "1-0"]
[WhiteElo "2326"]
[BlackElo "2251"]
[PlyCount "93"]
[EventDate "2009.01.03"]
[EventType "swiss"]
[EventRounds "9"]
[EventCountry "RUS"]
[SourceTitle "CBM 128 Extra"]
[Source "ChessBase"]
[SourceDate "2009.03.05"]
[SourceVersion "2"]
[SourceVersionDate "2009.03.25"]
[SourceQuality "1"]

1. d4 Nf6 2. Nf3 c5 3. d5 g6 4. Nc3 d6 5. h3 Bg7 6. e4 0-0 7. a4 e6 8. Be2 exd5 9. exd5 Bf5 10. Bf4 Ne4 11. Nxe4 Bxe4 12. c3 Bxf3 13. Bxf3 Re8+ 14. Kf1 Qe7 15. Qe2 Be5 16. Re1 Nd7 17. g3 Qf8 18. Be3 a6 19. Qd2 Nb6 20. b3 Qg7 21. Rc1 Nc8 22. Kg2 Ne7 23. Bh6 Qh8 24. g4 Bg7 25. Be3 Nc8 26. h4 h6 27. Bf4 Kh7 28. c4 Qf8 29. b4 Bd4 30. Qd3 Kg8 31. Rb1 b6 32. Bd1 Ra7 33. Qd2 Bg7 34. Bc2 Rae7 35. Bd3 Rd7 36. Rh3 Ne7 37. Re3 Rdd8 38. bxc5 bxc5 39. Rb6 Nc8 40. Rxa6 Rxe3 41. Bxe3 Qe7 42. h5 Qh4 43. Qe2 gxh5 44. gxh5 Be5 45. Qf3 Kh8 46. Qf5 Rg8+ 47. Kf1 1-0

[Event "Peterhof op"]
[Site "Peterhof"]
[Date "2009.01.06"]
[Round "6"]
[White "Valov, Ilya"]
[Black "Pyatin, Alexander"]
[Result "0-1"]
[WhiteElo "2251"]
[BlackElo "2024"]
[PlyCount "78"]
[EventDate "2009.01.03"]
[EventType "swiss"]
[EventRounds "9"]
[EventCountry "RUS"]
[SourceTitle "CBM 128 Extra"]
[Source "ChessBase"]
[SourceDate "2009.03.05"]
[SourceVersion "2"]
[SourceVersionDate "2009.03.25"]
[SourceQuality "1"]

1. d4 Nf6 2. Nf3 c5 3. g3 g6 4. Bg2 Bg7 5. 0-0 0-0 6. c4 d6 7. Nc3 Nc6 8. b3 cxd4 9. Nxd4 Nxd4 10. Qxd4 Ne4 11. Qxe4 Bxc3 12. Bh6 Bxa1 13. Bxf8 Bf6 14. Bh6 Qa5 15. Qc2 Rb8 16. Bd2 Qc7 17. Rc1 Be6 18. Bd5 Bf5 19. Qd1 Bb2 20. Bc3 Bxc1 21. Qxc1 e5 22. Qe3 b6 23. h4 Be6 24. Bxe6 fxe6 25. f4 Qc5 26. Qxc5 bxc5 27. fxe5 d5 28. cxd5 exd5 29. Kf2 d4 30. Ba5 Rf8+ 31. Kg2 Kf7 32. Bc7 Ke6 33. Bd6 Rc8 34. Kf3 Kd5 35. Kf4 Rc6 36. Kg5 Ra6 37. Kh6 Rxa2 38. Kxh7 Rxe2 39. Kxg6 d3 0-1

[Event "Sukhumi op"]
[Site "Sukhumi"]
[Date "2008.08.12"]
[Round "9"]
[White "Barsamian, Eduard"]
[Black "Valov, Ilya"]
[Result "0-1"]
[WhiteElo "2137"]
[BlackElo "2269"]
[PlyCount "96"]
[EventDate "2008.08.03"]
[EventType "swiss"]
[EventRounds "9"]
[EventCountry "GEO"]
[SourceTitle "CBM 126 Extra"]
[Source "ChessBase"]
[SourceDate "2008.11.05"]
[SourceVersion "1"]
[SourceVersionDate "2008.11.05"]
[SourceQuality "1"]

1. d4 Nf6 2. Nf3 c5 3. c4 g6 4. Nc3 Bg7 5. d5 d6 6. e4 0-0 7. Be2 b5 8. cxb5 a6 9. a4 axb5 10. Bxb5 Ba6 11. Bxa6 Nxa6 12. 0-0 Nb4 13. Nd2 Nd3 14. Nc4 Nxc1 15. Qxc1 Nd7 16. a5 Ra6 17. f4 Bd4+ 18. Kh1 Qb8 19. Qc2 Qb7 20. Qd3 Rb8 21. h3 Ra7 22. Na4 Qb5 23. Ra3 Nf6 24. Nab6 Rd8 25. e5 dxe5 26. fxe5 Nxd5 27. Rxf7 Ne3 28. Rf3 Nf5 29. Qe4 e6 30. Rab3 Qe8 31. Kh2 Qe7 32. g3 Rf8 33. Nd6 Rxa5 34. Nxf5 gxf5 35. Qe2 Ra1 36. Nc4 Qg5 37. Rf1 Rxf1 38. Qxf1 f4 39. Qe2 f3 40. Rxf3 Rxf3 41. Qxf3 Qc1 42. Qa8+ Kg7 43. Qb7+ Kh6 44. Qg2 Qxc4 45. Qd2+ Kg6 46. h4 h6 47. h5+ Kxh5 48. Qf4 Bg1+ 0-1

[Event "Sukhumi op"]
[Site "Sukhumi"]
[Date "2008.08.08"]
[Round "6"]
[White "Valov, Ilya"]
[Black "Lebedev, Sergey"]
[Result "1-0"]
[WhiteElo "2269"]
[BlackElo "2325"]
[PlyCount "65"]
[EventDate "2008.08.03"]
[EventType "swiss"]
[EventRounds "9"]
[EventCountry "GEO"]
[SourceTitle "CBM 126 Extra"]
[Source "ChessBase"]
[SourceDate "2008.11.05"]
[SourceVersion "1"]
[SourceVersionDate "2008.11.05"]
[SourceQuality "1"]

1. d4 d5 2. Nf3 Nf6 3. c4 e6 4. Nc3 Bb4 5. Qb3 Nc6 6. e3 0-0 7. Be2 a6 8. c5 Ne4 9. Bd2 Bxc3 10. Bxc3 e5 11. 0-0 exd4 12. Bxd4 Nxd4 13. exd4 Rb8 14. Rfe1 Be6 15. Qe3 a5 16. Bd3 Bf5 17. Re2 Re8 18. Qf4 Bg6 19. Rae1 Nf6 20. Rxe8+ Nxe8 21. Ne5 Nf6 22. Bb5 Nh5 23. Qd2 c6 24. Bxc6 h6 25. Nxg6 fxg6 26. Re8+ Qxe8 27. Bxe8 Rxe8 28. g3 Nf6 29. Qxa5 Kh7 30. Qc7 Re2 31. Qxb7 Ne4 32. Qxd5 Nxf2 33. Qg2 1-0